000 00679nam a2200229Ia 4500
003 OSt
005 20220925185006.0
006 a|||||r|||| 00| 0
007 ta
008 220923b |||||||| |||| 00| 0 eng d
037 _cGeneral Book
040 _aRTL
_cRTL
_beng
041 _2eng
_aeng
082 _aX:8N9.2.N8, M4
100 _aGopal Vishnu
_9232378
245 0 _aIndustrial democracy in India
_b A sociological stud
260 _aAllahabad
_bChug Publishers India
_c1984
300 _axxviii,535p. Bib p 501-26
_ccm.
650 _aPublic Report Management
942 _hX:8N9.2.N8, M4
_cGB
_2CC
999 _c509469
_d509469